The POLITICS of green transformations
Сохранить в:
| Главный автор: | |
|---|---|
| Формат: | |
| Язык: | английский |
| Опубликовано: |
Routledge
2015
|
| Метки: |
Добавить метку
Нет меток, Требуется 1-ая метка записи!
|
MARC
| LEADER | 00000nam a22000007a 4500 | ||
|---|---|---|---|
| 008 | 210609b ||||| |||| 00| 0 eng d | ||
| 020 | |a 978-1-138-79290-6 | ||
| 100 | |a edited by SCOONES, Ian, Leach Melissa and Newell Peter | ||
| 245 | |a The POLITICS of green transformations |c edited by Ian Scoones, Melissa Leach and Peter Newell |e Pathways to sustainability |g xvii, 220p; ill. | ||
| 250 | |c edited by SCOONES, Ian, Leach Melissa and Newell Peter | ||
| 260 | |b Routledge |c 2015 |h London |i 686780 |l JA75.8 P75 |m Green movement – Political aspects. |m Green movement – Economic aspects |m Environmentalism – Political aspects. |m Environmentalism – Economic aspects | ||
| 500 | |a “It includes references and index” | ||
| 942 | |a lcc |c BK |e YUNUSA,A.A. |f 9/6/21 | ||
| 952 | |0 0 |1 0 |2 lcc |4 0 |6 JA00758 P75 |7 0 |9 2549 |a HOL |b HOL |c GJ |d 2021-06-09 |l 0 |o JA75.8 P75 |p 2021-6400 |r 2021-06-09 00:00:00 |w 2021-06-09 |y BK | ||
| 999 | |c 1330 |d 1330 | ||